Añay Diccionario Bilingüe Castellano - Quechua : (Record no. 22760)

000 -CABECERA
fixed length control field 00747nam a22002177i 4500
003 - IDENTIFICADOR DEL NÚMERO DE CONTROL
control field AR-CdUCM
008 - DATOS DE LONGITUD FIJA--INFORMACIÓN GENERAL
fixed length control field 240117b20212021pe ||||| |||| 00| 0 spa d
020 ## - NÚMERO INTERNACIONAL ESTÁNDAR DEL LIBRO
ISBN 978-612-00-5842-8
040 ## - FUENTE DE LA CATALOGACIÓN
Agencia/entidad que catalogó originalmente la obra MUNICIPALIDAD PROVINCIAL DEL CUSCO
Entidad que transcribió la catalogación BIBLIOTECA MUNICIPAL DEL CUSCO
082 ## - NÚMERO DE LA CLASIFICACIÓN DECIMAL DEWEY
No. de Clasificación 498.51 / L68
Notacion interna L68
100 ## - ENTRADA PRINCIPAL--NOMBRE DE PERSONA
Nombre Personal Liva Pantoja, Gabriela M.
245 ## - MENCIÓN DE TÍTULO
Título Añay Diccionario Bilingüe Castellano - Quechua :
Resto del título Más de 5,000 traducciones incluye sufijos quechuas /
260 ## - PUBLICACIÓN, DISTRIBUCIÓN, ETC.
Lugar de publicación, distribución, etc. Wanchac-Cusco :
Fecha de publicación, distribución, etc. 2021
Nombre de la editorial, distribuidor, etc. Autor-Editor
300 ## - DESCRIPCIÓN FÍSICA
Nº de Páginas Extensión 212 páginas. :
Dimensiones 21x125 cm.
505 ## - NOTA DE CONTENIDO CON FORMATO
Nota de contenido formateada Fonética quechua
650 ## - PUNTO DE ACCESO ADICIONAL DE MATERIA--TÉRMINO DE MATERIA
Descriptor Fonética quechua
9 (RLIN) 49316
650 ## - PUNTO DE ACCESO ADICIONAL DE MATERIA--TÉRMINO DE MATERIA
Descriptor Consonante alveolar
9 (RLIN) 49317
942 ## - ELEMENTOS DE PUNTO DE ACCESO ADICIONAL (KOHA)
Fuente de clasificación
Tipo de item Libros-BMC
945 ## - PROCESAMIENTO DE INFORMACIÓN LOCAL (OCLC)
Catalogador pbjr
AAAA-MM-DD - Fecha de ingreso o modificacion 17-01-2024
Holdings
Estado de retiro (separado) Fuente de clasificación o esquema de estanterías Estado dañado Ubicación Sala donde se ubica Nombre de la colección Fecha de adquisición o compra Fuente de adquisición Costo, precio normal en soles Signatura topográfica Código de Barras Última vez visto (Koha) Tipo de ítem (Koha)
No     Sala Humanidades Sala Humanidades Book Cart 2024-01-17 Depósito Legal 20.00 498.51 / L68 SH0000016580 2024-01-17 Libros-BMC
No     Sala de Infantes Sala de Infantes Book Cart 2026-01-16 Donación 20.00 ES / 498.51 / L68 L68 SI00005054 2026-01-16 Libros-BMC

Powered by Koha